| 000 | 00653nam a22002057a 4500 | ||
|---|---|---|---|
| 005 | 20240530110930.0 | ||
| 008 | 220214s2007 ua g 000 p ara d | ||
| 017 |
_bمصر. دار الكتب _a2006/19588 |
||
| 020 | _a9772086646 | ||
| 040 |
_aEG-CaGPL _cEG-CaGPL |
||
| 082 | 0 | 4 |
_221 _a813.01/ _bس م |
| 100 | 0 | _aسيد احمد الحردلو | |
| 245 | 1 | 0 |
_aملعون ابوكى بلد وقصص اخرى / _cسيد احمد الحردلو |
| 250 | _aط. 1 | ||
| 260 |
_aالقاهرة : _bمكتبة مدبولى، _c2007 |
||
| 300 |
_a115 ص. ؛ _c20 سم |
||
| 650 | 0 | 7 |
_2qrmak _aالشعر العربى |
| 651 | _2qrmak | ||
| 942 |
_2ddc _cBK |
||
| 999 |
_c66635 _d66635 |
||